000 00993nam0a2200289 4500
001 RU\NLR\bibl\519532
005 20260406134014.0
010 _a5-7107-8077-4
_97000
021 _aRU
_b2004-19226
_9982
035 _a(NLR Aleph) 000511943
090 _a1238806
_c1238806
100 _a20040513d2004 |||y0rusy50 ca
101 0 _arus
102 _aRU
105 _aa |||||||||
200 1 _aБеспризорная кошка
_e[Рассказы
_eДля мл. шк. возраста]
_fБорис Житков
_gХудож. Виктор Бастыркин
210 _aМ.
_cДрофа
_d2004
215 _a121, [3] с.
_cцв. ил.
_d21
225 1 _aРассказы о животных
686 _aШ9(2)60=Р7-4
700 1 _4070
_8rus
_7ca
_aЖитков
_bБ. С.
_f1882-1938
_gБорис Степанович
_3RU\NLR\auth\772100
_9112117
801 0 _aRU
_bNLR
_c20040513
_gPSBO
801 1 _aRU
_bNLR
_c20040513
942 _cBOOK
980 _aNB